00720nam a22002177a 45000010005000000030009000050050017000140080041000310200015000720400028000870820020001152450064001352600046001993000044002454400031002895040055003206500030003756500031004056510042004367000024004788103BD-DhUAP20200128114124.0200128s1997 ii ab b 000 0 eng d a0195647653 aDGUcDGUdBD-DhUAPbEng00223a320.954 STA00aState and politics in India /cedited by Partha Chatterjee. aDelhi :bOxford University Press,cc1997. ax, 576 pages :billustrations ;c23 cm. 0aThemes in politics series. aIncludes bibliographical references (p. [566]-576) 0aState governmentszIndia. 0aFederal governmentzIndia. 0aIndiaxPolitics and governmenty1947-1 aChatterjee, Partha.